000 00370 a2200145 4500
001 169220
020 _a
040 _cMagnum
100 _aGeraldi, Joao Wanderley
240 1 0 _aLinguagem e ensino: exercicio de militancia e divulgacao
_lpor
245 1 0 _aLinguagem e ensino: exercicio de militancia e divulgacao
362 0 _a1899
697 _aGERAL
942 _cBK
999 _c169220
_d169220